000 00409nam a2200145Ia 4500
008 221030s9999 xx 000 0 und d
041 _aEnglish
082 _a105.23
_bPia
100 _aH. T. H. Piaggio
245 3 _aAn Elementary Treatise on Differential Equations & their Applications
_cby H. T. H. Piaggio
260 _bCBS Pub
_aNew Delhi
_c1999
300 _a256
650 _aBE Mathematics
942 _cBK
999 _c5954
_d5954